Countries and Territories of the Lesser Antilles (with map) - Statistics

General Stats
  • This quiz has been taken 1,884 times
  • The average score is 16 of 22
Answers on the Map
Answers color-coded by a green-red scale on the quiz's map according to % correct below.
 
Answer Stats
Countries % Correct
Trinidad and Tobago
97%
Saint Lucia
95%
Saint Vincent and the Grenadines
95%
Barbados
94%
Grenada
94%
Saint Kitts and Nevis
94%
Antigua and Barbuda
92%
Dominica
89%
Aruba
82%
Curaçao
80%
Guadeloupe
75%
Martinique
72%
United States Virgin Islands
72%
British Virgin Islands
70%
Saint-Martin/Sint Maarten
70%
Bonaire
65%
Montserrat
59%
Anguilla
58%
Saint Barthélemy
44%
Saba
34%
Sint Eustatius
30%
Nueva Esparta
9%
No matching quizzes found
Score Distribution
Percent of People with Each Score
Percentile by Number Answered
Your Score History
You have not taken this quiz